| 000 | 00437nam a2200169Ia 4500 | ||
|---|---|---|---|
| 008 | 221030s9999 xx 000 0 und d | ||
| 020 | _a8120334984 | ||
| 041 | _aEnglish | ||
| 100 | _aA. S. Tanenbaum | ||
| 245 | 0 |
_aDistributed Systems : Principles & Paradigms _cby A. S. Tanenbaum, M. V. Steen |
|
| 250 | _a2nd | ||
| 260 |
_bPHI _aNew Delhi _c2014 |
||
| 300 | _a686 | ||
| 650 | _aBB Computer | ||
| 700 | _aM. V. Steen | ||
| 942 | _cBK | ||
| 999 |
_c15412 _d15412 |
||